000 00572nam a2200229Ia 4500
003 OSt
005 20220928141635.0
006 a|||||r|||| 00| 0
007 ta
008 220927b |||||||| |||| 00| 0 eng d
024 _a16475
037 _cTextual
040 _aSDCL
_cSDCL
_beng
041 _2eng
_aeng
082 _aB33:1, M0
100 _aStoer J
_9464181
245 0 _aIntroduction to numerical analysis.
260 _c1980
700 _a Bulirsch R
_9464182
942 _hB33:1, M0
_cTEXL
_2CC
999 _c818825
_d818825